|
|
|
|
| LEADER |
01005nam a2200313 4500 |
| 001 |
DLU080061831 |
| 005 |
##20080109 |
| 040 |
# |
# |
|a DLU
|b vie
|
| 041 |
# |
# |
|a vie
|
| 044 |
# |
# |
|a vn
|
| 082 |
# |
# |
|a 628.168
|b TR-H
|
| 100 |
# |
# |
|a Trần Đức Hạ,
|c PGS. TS.
|
| 245 |
# |
# |
|a Xử lý nước thải sinh hoạt quy mô nhỏ và vừa :
|b Giáo trình dùng cho sinh viên đại học các ngành xây dựng cơ bản /
|c Trần Đức Hạ.
|
| 246 |
# |
# |
|a Xử lí nước thải sinh hoạt quy mô nhỏ và vừa.
|
| 260 |
# |
# |
|a H. :
|b Khoa học và Kỹ thuật,
|c 2006.
|
| 300 |
# |
# |
|a 197 tr. :
|b minh hoạ ;
|c 27 cm.
|
| 504 |
# |
# |
|a Tài liệu tham khảo sau mỗi chương.
|
| 650 |
# |
# |
|a Nước thải
|x Làm sạch.
|
| 650 |
# |
# |
|a Xử lý nước thải và tái sử dụng.
|
| 923 |
# |
# |
|a 24/2007
|
| 992 |
# |
# |
|a 36000
|
| 994 |
# |
# |
|a DLU
|
| 900 |
# |
# |
|a True
|
| 911 |
# |
# |
|a Nguyễn Thanh Hương
|
| 925 |
# |
# |
|a G
|
| 926 |
# |
# |
|a A
|
| 927 |
# |
# |
|a SH
|
| 980 |
# |
# |
|a Thư viện Trường Đại học Đà Lạt
|